Vi nhân giống cây thông Caribaea (Pinus caribaea var. hondurensis) /

Đã lưu trong:
Sonraí Bibleagrafaíochta
Príomhúdar: Hà Thị Loan
Údair Eile: Phạm Hồng Phước Đức, Trần Văn Minh
Formáid: Bài viết
Teanga:Vietnamese
Ábhair:
Clibeanna: Cuir Clib Leis
Gan Chlibeanna, Bí ar an gcéad duine leis an taifead seo a chlibeáil!
Thư viện lưu trữ: Thư viện Trường Đại học Đà Lạt
LEADER 00906nam a2200301 4500
001 DLU040026608
040 # # |a DLU  |b vie 
041 # # |a vie 
044 # # |a vn 
100 # # |a Hà Thị Loan 
245 # # |a Vi nhân giống cây thông Caribaea (Pinus caribaea var. hondurensis) /  |c Hà Thị Loan, Trần Văn Minh, Phạm Hồng Phước Đức 
653 # # |a Giống 
653 # # |a Rừng 
653 # # |a Thông 
700 # # |a Phạm Hồng Phước Đức 
700 # # |a Trần Văn Minh 
773 # # |a Tạp chí Khoa học Kỹ thuật Nông Lâm Nghiệp  |g Số 3 - 2003, tr. 67 – 70 
920 # # |a Phòng Tạp chí -- Trung tâm Thông tin - Thư viện Trường Đại học Đà Lạt 
933 # # |a NL 
933 # # |a SH 
994 # # |a DLU 
900 # # |a True 
911 # # |a Nguyễn Năng Hải 
925 # # |a G 
926 # # |a A 
927 # # |a BB 
980 # # |a Thư viện Trường Đại học Đà Lạt